| 000 | 00849nam a2200301 a 4500 | ||
|---|---|---|---|
| 003 | AR-BaBNM | ||
| 005 | 20251128204100.0 | ||
| 008 | 082120s2002 ||||||||||||||000 | spa|| | ||
| 040 | _cAR-BaBNM | ||
| 100 | 1 | _aGarcía Lorca, Federico | |
| 245 | 0 | 0 |
_aLlanto por Ignacio Sánchez Mejías _by otros poemas |
| 260 |
_aBuenos Aires _bCentro Editor de América Latina _c1988 |
||
| 300 |
_a31 p. _bil. |
||
| 490 | 0 |
_aLos grandes poetas _vv. 18 |
|
| 650 | 4 | _aPOETAS | |
| 650 | 4 | _aPOESIA CONTEMPORANEA | |
| 650 | 4 | _aLITERATURA ESPAÑOLA | |
| 650 | 4 | _aPOESIA ESPAÑOLA | |
| 650 | 4 | _aANALISIS LITERARIO | |
| 650 | 4 | _aBIOGRAFIAS | |
| 650 | 4 | _aCRITICA LITERARIA | |
| 655 | _aLITERATURA | ||
| 700 | 1 |
_aEmiliozzi, Irma _ecompilador |
|
| 700 | 1 |
_aPáez, Pablo _eilustrador |
|
| 800 | 1 |
_aLafforgue, Jorge _edirector |
|
| 942 | _cBK | ||
| 998 | _cEthel | ||
| 999 |
_c6095 _d6095 |
||